Trade unions and the incidence of the corporation income tax

Αποθηκεύτηκε σε:
Λεπτομέρειες βιβλιογραφικής εγγραφής
Κύριος συγγραφέας: Ραπάνος, Βασίλης
Συγγραφή απο Οργανισμό/Αρχή: Κέντρο Προγραμματισμού και Οικονομικών Ερευνών
Μορφή: Βιβλίο
Γλώσσα:English
Δημοσίευση: Αθήνα : Κέντρο Προγραμματισμού και Οικονομικών Ερευνών, 1995
Σειρά:Εργασίες για συζήτηση = Discussion papers ; ; 42
Θέματα:
Ετικέτες: Προσθήκη ετικέτας
Δεν υπάρχουν, Καταχωρήστε ετικέτα πρώτοι!

MARC

LEADER 00000cam a2200000 i 4500
001 1/1768
008 950718s1995 eng d
035 |l 10014569 
040 |a GR-MY-UA  |b gre  |e aacr 
041 0 |a eng 
082 0 |a 331.88 
100 1 |a Ραπάνος, Βασίλης. 
110 2 |a Κέντρο Προγραμματισμού και Οικονομικών Ερευνών. 
245 1 0 |a Trade unions and the incidence of the corporation income tax /  |c Vassilis Rapanos ; Κέντρο Προγραμματισμού και Οικονομικών Ερευνών 
260 |a Αθήνα :   |b Κέντρο Προγραμματισμού και Οικονομικών Ερευνών,   |c 1995 
300 |a 32 p. 
490 1 |a Εργασίες για συζήτηση  |v ; 42 
504 |a Includes bibliographical references 
650 0 0 |a Labor unions  |x Social aspects. 
830 0 |a Εργασίες για συζήτηση = Discussion papers ;  |v ; 42 
852 |a INST  |b LESVOS  |e 19950718  |h 331.88 ΡΑΠ  |p 005100007722  |q 005100007722  |t BK  |y 0 
909 |a Λ  |b 042498 
970 |z 2000/05/ΟΙΚΟΝΟΜΟΠΟΥΛΟΥ ΧΡΙΣΤΙΝΑ